Asesinato en el Canadian Express /
El protagonista de esta emocionante novela policiaca es Tom Austen, un muchacho canadiense, quien al terminar el curso escolar viaja en el Canadian Express. Este ferrocarril, el de mayor recorrido del mundo, sale diariamente de Montreal y emplea tres días en llegar a su destino, Vancúver.¿Quién será...
Guardado en:
| Autor Principal: | |
|---|---|
| Otros Autores: | |
| Formato: | Libro |
| Idioma: | Undetermined |
| Publicado: |
Madrid :
SM,
2004.
|
| Series: | El barco de vapor. Naranja ;
15 |
| Materias: | |
| Etiquetas: |
Agregar Etiqueta
Sin Etiquetas, Sea el primero en etiquetar este registro!
|
| LEADER | 01250nam a22002535a 4500 | ||
|---|---|---|---|
| 001 | CEM.cems019700 | ||
| 008 | 221012s2004####sp############000#0#und#d | ||
| 005 | 20221107100047.0 | ||
| 245 | 1 | 0 | |a Asesinato en el Canadian Express / |c Eric Wilson ; traducido por Pedro Barbadillo. |
| 260 | |a Madrid : |b SM, |c 2004. | ||
| 300 | |a 159p. ; |c 20 cm. | ||
| 490 | 1 | |a El barco de vapor. Naranja ; |v 15 | |
| 520 | |a El protagonista de esta emocionante novela policiaca es Tom Austen, un muchacho canadiense, quien al terminar el curso escolar viaja en el Canadian Express. Este ferrocarril, el de mayor recorrido del mundo, sale diariamente de Montreal y emplea tres días en llegar a su destino, Vancúver.¿Quién será el asesino? | ||
| 020 | |a 8434811219 | ||
| 100 | 1 | |a Wilson, Eric. | |
| 700 | 1 | |a Barbadillo, Pedro; trad. | |
| 082 | 0 | 4 | |a 819.154 |
| 653 | |a Literatura Infantil | ||
| 653 | |a Literatura Juvenil | ||
| 653 | |a Literatura suspenso | ||
| 859 | |a CEMS |b BIB. CEMS - Inicial y Primaria |h 819.154 |i W691 |k IP |p 1892 |t Ej.1 | ||
| 859 | |a CEMS |b BIB. CEMS - Inicial y Primaria |h 819.154 |i W691 |k IP |p 1893 |t Ej.2 | ||
| 859 | |a CEMS |b BIB. CEMS - Inicial y Primaria |h 819.154 |i W691 |k IP |p 1894 |t Ej.3 | ||
| 859 | |a CEMS |b BIB. CEMS - Inicial y Primaria |h 819.154 |i W691 |k IP |p 1895 |t Ej.4 | ||
